[Event "52nd Iran-ch Men Final 2019"]
[Site "Bushehr"]
[Date "2019.01.26"]
[Round "3"]
[White "Khodashenas, Mersad"]
[Black "Moradi, Amirmasoud"]
[Result "1-0"]
[WhiteElo "2455"]
[BlackElo "2321"]
[Annotator "ChessBase"]
[PlyCount "129"]
[EventDate "2019.01.24"]
[EventType "tourn"]
[EventCountry "IRI"]
[SourceTitle "playchess.com"]
[Source "ChessBase"]
[SourceQuality "1"]
[TimeControl "40/5400+30:1800+30"]

1. e4 {[%emt 0:00:00]} e5 {[%emt 0:00:45]} 2. Nf3 {[%emt 0:00:41]} Nc6 {[%emt 0:00:10]} 3. Bb5 {[%emt 0:00:02]} a6 {[%emt 0:01:12]} 4. Ba4 {[%emt 0:00:02]} Nf6 {[%emt 0:05:36]} 5. O-O {[%emt 0:00:37]} Be7 {[%emt 0:01:38]} 6. Re1 {[%emt 0:00:15]} b5 {[%emt 0:01:10]} 7. Bb3 {[%emt 0:00:02]} O-O {[%emt 0:00:33]} 8. c3 {[%emt 0:00:55]} d6 {[%emt 0:04:22]} 9. h3 {[%emt 0:00:11]} Na5 {[%emt 0:00:06]} 10. Bc2 {[%emt 0:00:06]} c5 {[%emt 0:00:00]} 11. d4 {[%emt 0:00:12]} Nd7 12. Nbd2 {[%emt 0:07:51]} exd4 {[%emt 0:02:18]} 13. cxd4 {[%emt 0:00:17]} Nc6 {[%emt 0:00:09]} 14. d5 {[%emt 0:05:52]} Nce5 {[%emt 0:01:46]} 15. Nxe5 {[%emt 0:00:03]} Nxe5 {[%emt 0:00:09]} 16. a4 {[%emt 0:00:01]} Rb8 {[%emt 0:11:31]} 17. axb5 {[%emt 0:00:15]} axb5 {[%emt 0:00:08]} 18. f4 {[%emt 0:00:17]} Ng6 {[%emt 0:00:09]} 19. Rf1 {[%emt 0:01:02]} f5 {[%emt 0:26:16]} 20. exf5 {[%emt 0:00:32]} Bxf5 {[%emt 0:03:01]} 21. Bxf5 {[%emt 0:10:39]} Rxf5 {[%emt 0:00:02]} 22. Ne4 {[%emt 0:00:13]} Ra8 {[%emt 0:08:25]} 23. g4 {[%emt 0:17:45]} Rxa1 {[%emt 0:18:04]} 24. gxf5 {[%emt 0:00:12]} Nh4 {[%emt 0:00:58]} 25. f6 {[%emt 0:15:51]} Bxf6 {[%emt 0:00:14]} 26. Qg4 {[%emt 0:00:10]} Qe7 {[%emt 0:11:38]} 27. Re1 {[%emt 0:16:58]} Rxc1 {[%emt 0:02:12]} 28. Nxf6+ {[%emt 0:03:12]} Qxf6 {[%emt 0:00:21]} 29. Qc8+ {[%emt 0:00:22]} Qf8 {[%emt 0:00:36]} 30. Qxf8+ {[%emt 0:05:51]} Kxf8 {[%emt 0:00:01]} 31. Rxc1 {[%emt 0:00:04]} b4 {[%emt 0:00:27]} 32. Kf2 {[%emt 0:01:23]} Kf7 {[%emt 0:00:25]} 33. Re1 {[%emt 0:04:16]} g6 {[%emt 0:00:21]} 34. Ra1 {[%emt 0:01:31]} Nf5 {[%emt 0:01:38]} 35. Ra7+ {[%emt 0:00:15]} Kg8 {[%emt 0:00:06]} 36. Ke2 {[%emt 0:02:19]} h5 {[%emt 0:00:09]} 37. Kd3 {[%emt 0:00:08]} Kf8 {[%emt 0:00:04]} 38. Ra1 {[%emt 0:02:21]} Kf7 {[%emt 0:00:35]} 39. Re1 {[%emt 0:00:47]} Kf6 {[%emt 0:01:23]} 40. Re6+ {[%emt 0:00:00]} Kg7 {[%emt 0:00:00]} 41. Kc4 {[%emt 0:00:58]} Kf7 {[%emt 0:12:24]} 42. Re4 {[%emt 0:00:56]} Kf6 {[%emt 0:11:54]} 43. Re8 {[%emt 0:06:39]} Kf7 {[%emt 0:03:03]} 44. Re6 {[%emt 0:01:22]} Kg7 {[%emt 0:02:54]} 45. Re1 {[%emt 0:00:17]} Kf7 {[%emt 0:01:28]} 46. Kb5 {[%emt 0:04:17]} Ne7 {[%emt 0:00:24]} 47. Rd1 {[%emt 0:04:40]} Ke8 {[%emt 0:00:10]} 48. Rg1 {[%emt 0:05:50]} Kf7 {[%emt 0:01:23]} 49. Rg5 {[%emt 0:01:15]} Kf6 {[%emt 0:00:00]} 50. Kb6 {[%emt 0:01:35]} c4 {[%emt 0:01:25]} 51. Kc7 {[%emt 0:01:17]} Nf5 {[%emt 0:00:09]} 52. Rg1 {[%emt 0:01:08]} c3 {[%emt 0:01:20]} 53. bxc3 {[%emt 0:00:32]} bxc3 {[%emt 0:00:00]} 54. Rc1 {[%emt 0:00:18]} g5 {[%emt 0:00:57]} 55. fxg5+ {[%emt 0:00:09]} Kxg5 {[%emt 0:00:01]} 56. Rxc3 {[%emt 0:00:12]} Kf4 {[%emt 0:00:21]} 57. Kd7 {[%emt 0:04:33]} Ke5 {[%emt 0:00:26]} 58. Rd3 {[%emt 0:00:01]} Ke4 {[%emt 0:01:16]} 59. Rd1 {[%emt 0:00:35]} Ke5 {[%emt 0:00:14]} 60. Rd2 {[%emt 0:00:39]} h4 {[%emt 0:00:49]} 61. Rd1 {[%emt 0:00:55]} Nh6 {[%emt 0:00:34]} 62. Kc6 {[%emt 0:01:02]} Nf5 {[%emt 0:00:29]} 63. Re1+ {[%emt 0:00:36]} Kd4 {[%emt 0:00:01]} 64. Rf1 {[%emt 0:00:58]} Ne3 {[%emt 0:00:48]} 65. Rf4+ {[%emt 0:00:15]} 1-0

[Event "52nd Iran-ch Men Final 2019"]
[Site "Bushehr"]
[Date "2019.01.26"]
[Round "3"]
[White "Daghli, Arash"]
[Black "Tahbaz, Arash"]
[Result "1-0"]
[WhiteElo "2366"]
[BlackElo "2468"]
[Annotator "ChessBase"]
[PlyCount "55"]
[EventDate "2019.01.24"]
[EventType "tourn"]
[EventCountry "IRI"]
[SourceTitle "playchess.com"]
[Source "ChessBase"]
[SourceQuality "1"]
[TimeControl "40/5400+30:1800+30"]

1. e4 g6 2. d4 Bg7 3. Nc3 c6 4. Nf3 b5 5. e5 d5 6. Bd3 Nh6 7. Bf4 f6 8. O-O O-O 9. h3 Bf5 10. Bxh6 Bxh6 11. Bxf5 gxf5 12. e6 Bg5 13. Qd3 f4 14. a4 b4 15. Ne2 Qd6 16. Qf5 Na6 17. Rfe1 Kh8 18. h4 Bh6 19. Qh5 Kg7 20. g4 Rg8 21. g5 fxg5 22. hxg5 Bxg5 23. Nxg5 Kf6 24. Kf1 Rg6 25. Nf3 Rf8 26. Qe5+ Qxe5 27. Nxe5 f3 28. Ng3 1-0

[Event "52nd Iran-ch Men Final 2019"]
[Site "Bushehr"]
[Date "2019.01.27"]
[Round "4"]
[White "Firouzja, Alireza"]
[Black "Mosadeghpour, Masoud"]
[Result "1-0"]
[WhiteElo "2618"]
[BlackElo "2517"]
[Annotator "TA"]
[PlyCount "71"]
[EventDate "2019.01.24"]
[EventType "tourn"]
[EventCountry "IRI"]
[SourceTitle "playchess.com"]
[Source "ChessBase"]
[SourceQuality "1"]

{[%evp 9,71,14,18,3,10,-1,-4,-9,-1,-1,0,-8,-4,-8,-10,-16,9,-17,0,0,0,-43,-50,-51,-54,-56,-61,-63,23,0,0,0,0,-91,-88,-88,-88,-93,-93,-104,-104,-145,0,0,0,0,0,0,0,0,13,14,14,0,0,0,23,0,163,156,165,150,246,250]} 1. d4 d5 2. c4 e6 3. Nf3 Nf6 4. Nc3 Be7 5. Bf4 O-O 6. a3 {D37: Queen's Gambit Declined: 5 Bf4} (6. e3 b6 7. Bd3 dxc4 8. Bxc4 Ba6 9. Bxa6 Nxa6 10. Qe2 Qc8 11. O-O c5 12. Nb5 Qb7 13. a3 Ne4 14. Rac1 Rac8 15. Ne5 {½-½ (23) Carlsen,M (2835)-Nakamura,H (2746) St Petersburg 2018}) 6... b6 7. cxd5 Nxd5 8. Nxd5 {The position is equal.} exd5 9. g3 c5 10. Bg2 Be6 11. O-O Nc6 12. Qa4 Rc8 $146 ({Predecessor:} 12... Qd7 13. dxc5 bxc5 {½-½ (51) Fressinet,L (2653)-Alekseev,E (2715) Khanty-Mansiysk 2009}) 13. Rad1 c4 14. Ne5 Na5 15. e4 f6 16. exd5 Bxd5 17. Bxd5+ Qxd5 18. Ng4 $1 c3 (18... Rfd8 $1 $15) 19. Ne3 Qb7 $36 {[%mdl 2048] Black fights for an advantage.} 20. d5 Bc5 {Hoping for ...g5.} 21. bxc3 (21. Nf5 $11 {remains equal.} cxb2 22. Bd6) 21... g5 $17 {[%mdl 64] Trapped Piece} 22. Nf5 {Threatens to win with Bd6.} gxf4 23. Qxf4 {[#]} Nc4 $1 {[%mdl 512]} 24. d6 (24. Qxc4 Bxf2+) 24... Ne5 {[#]} 25. Rd5 $1 {[%mdl 512]} Bxd6 ({Not} 25... Bxf2+ $2 26. Rxf2 (26. Qxf2 Rc5 $18) 26... Ng6 27. Qe4 $18) (25... Ng6 $17 26. Qh6 Rcd8) (25... Qxd5 26. Ne7+) 26. Rxd6 $11 Nf3+ 27. Kh1 Nd2+ 28. Kg1 Nf3+ $1 29. Kh1 Rc5 {White must now prevent ...Nh4+.} 30. Nh6+ Kg7 31. Nf5+ Kg8 {...Nd4+ is the strong threat.} 32. Nh6+ Kg7 {aiming for ...Nxh2+!} 33. Nf5+ Kh8 $2 (33... Kg8 $11 34. Nh6+) 34. Qh6 $18 {[%cal Rh6f8][%mdl 64] Double Attack. White is clearly better.} Ne5+ ({Wrong is} 34... Kg8 $2 {[#]} 35. Qxf8+ $1 {[%mdl 512]} Kxf8 36. Rd8+ Kf7 37. Nd6+ {[%mdl 64] Double Attack} Ke7 38. Nxb7 $18) 35. f3 $1 {[%cal Rh6f8]} Ng6 (35... Qf7 $16 {was worth a try.} 36. Rfd1 Rcc8) 36. Nh4 {Accuracy: White = 53%, Black = 63%.} 1-0

[Event "52nd Iran-ch Men Final 2019"]
[Site "Bushehr"]
[Date "2019.01.27"]
[Round "4"]
[White "Pourramezanali, Amirreza"]
[Black "Khodashenas, Mersad"]
[Result "1/2-1/2"]
[WhiteElo "2528"]
[BlackElo "2455"]
[Annotator "TA"]
[PlyCount "111"]
[EventDate "2019.01.24"]
[EventType "tourn"]
[EventCountry "IRI"]
[SourceTitle "playchess.com"]
[Source "ChessBase"]
[SourceQuality "1"]

{[%evp 9,111,19,21,20,35,12,15,30,27,14,26,25,16,8,14,8,13,0,-2,-35,-38,-36,-24,-24,-24,-25,-28,-43,-43,-43,-43,-47,-43,-41,-18,-24,-10,-28,-20,-29,-25,-24,-24,-81,-87,-87,-83,-75,-40,-87,-73,-123,-110,-159,-144,-129,-135,-136,-123,-170,-155,-236,-245,-245,-241,-279,-267,-275,-275,-268,-256,-271,-199,-174,-184,-199,-145,-125,-138,-126,-72,-71,-71,-71,-72,-72,-72,-72,0,0,0,0,0,0,0,0,0,0,0,0,0,0,0,0]} 1. d4 d5 2. c4 dxc4 3. e4 Nf6 4. e5 Nd5 5. Bxc4 Bf5 6. Qb3 {D20: Queen's Gambit Accepted: 3 e3 and 3 e4} c6 7. Bxd5 cxd5 8. Qxb7 Qc8 $1 {[%cal Rc8b7]} 9. Qxc8+ Bxc8 10. Nc3 e6 11. Nge2 $146 ({Predecessor:} 11. f4 Nc6 12. Nf3 Ba6 13. Kf2 Rb8 14. b3 Kd7 15. Bd2 h6 16. Na4 Bb5 17. Nc3 Ba6 18. Na4 Bb5 19. Nc3 {½-½ (19) Bosiocic,M (2600)-Inarkiev,E (2679) Biograd 2018}) 11... Ba6 12. a3 Nc6 13. O-O Rb8 14. Rd1 Rb3 15. Rb1 Bxe2 16. Nxe2 Bxa3 $1 17. Be3 Be7 18. Nc1 Rb5 19. Nd3 Kd7 20. Ra1 a5 21. Kf1 Rc8 22. Rdc1 f6 23. f4 f5 24. Ke2 Rb3 25. Rc3 Rcb8 26. Rac1 (26. h3 $11 {keeps the balance.}) 26... Rxc3 $17 27. Rxc3 a4 28. Rc1 Rb3 29. Rc2 h6 30. Nc1 Rb4 31. Kd3 Bd8 32. b3 Bb6 {[%cal Rc6d4]} 33. bxa4 Rxa4 {Strongly threatening ...Nb4+.} 34. Rb2 Bxd4 35. Bxd4 (35. Nb3 $17 Bxe3 36. Kxe3) 35... Rxd4+ $19 {[%mdl 4160] [#] Endgame Double Attack. KRN-KRN} 36. Ke3 Re4+ 37. Kf3 Nd4+ 38. Kg3 g5 39. fxg5 hxg5 40. Kf2 Nc6 41. Nd3 Kd8 ({Resist} 41... Nxe5 42. Nc5+ Kc8 43. Nxe4 $17) 42. h3 Nxe5 (42... f4 $19 43. Rc2 Nd4) 43. Nc5 $17 Rc4 44. Nxe6+ {[#]} Ke7 (44... Kd7 $142 $1 45. Rb6 Rc2+ 46. Kg1 Nc4 47. Nc5+ Ke8) 45. Rb6 Rc2+ 46. Kg1 Nc4 47. Ra6 Ne3 48. g4 f4 (48... fxg4 $17 {( -> ...g3)} 49. Nxg5 Rg2+ 50. Kh1 Kd7) 49. Nxg5 $11 {The position is equal.} Rg2+ 50. Kh1 {Black must now prevent Re6+.} Rf2 51. Kg1 Rf1+ 52. Kh2 d4 {And now ...d3 would win.} 53. Re6+ Kf8 54. Rd6 Nc2 55. Kg2 Ne3+ 56. Kh2 {Accuracy: White = 58%, Black = 75%.} 1/2-1/2

[Event "52nd Iran-ch Men Final 2019"]
[Site "Bushehr"]
[Date "2019.01.27"]
[Round "4"]
[White "Gholami, Aryan"]
[Black "Ghaem Maghami, Ehsan"]
[Result "1/2-1/2"]
[WhiteElo "2488"]
[BlackElo "2533"]
[Annotator "TA"]
[PlyCount "67"]
[EventDate "2019.01.24"]
[EventType "tourn"]
[EventCountry "IRI"]
[SourceTitle "playchess.com"]
[Source "ChessBase"]
[SourceQuality "1"]

{[%evp 26,67,0,0,1,0,41,10,12,0,0,0,0,0,0,6,22,29,27,-62,-43,-58,-56,-57,-52,-60,-58,-85,-86,-93,-89,-91,-91,-117,-82,-85,-18,-12,0,0,0,0,0,0]} 1. Nf3 Nf6 2. g3 c5 3. c4 Nc6 4. Nc3 g6 5. Bg2 d6 6. d4 cxd4 7. Nxd4 Bd7 8. O-O Bg7 9. e3 O-O 10. b3 Qa5 11. Bb2 Rfc8 12. Qe2 a6 {E60: King's Indian: Unusual lines and Fianchetto Variation without Nc3} 13. h3 Rab8 14. Rac1 {LiveBook: 7 Games} e6 15. a3 $146 ({Predecessor:} 15. Rfd1 b5 16. Nxc6 Bxc6 17. Bxc6 Rxc6 18. cxb5 axb5 19. Nxb5 Rxc1 20. Rxc1 Qxa2 21. Nxd6 {½-½ (38) Gagare,S (2494)-Papp,G (2607) Caleta 2018}) 15... Qc7 16. Nxc6 bxc6 17. b4 c5 18. b5 axb5 19. Nxb5 Bxb5 20. cxb5 Nd7 21. Bxg7 Kxg7 22. f4 (22. Rfd1 $11) 22... d5 $15 23. e4 d4 $36 {[%mdl 2048] Black is pushing.} 24. e5 d3 25. Qxd3 {[#] Bc6 is the strong threat.} c4 26. Qd4 {Threatens to win with a4.} Rxb5 27. a4 Ra5 28. Rfd1 Nb6 29. Rb1 Nd5 30. Rb5 {[#]} Rxb5 ({Don't play} 30... Rxa4 $6 31. Bxd5 exd5 32. e6+ Kh6 33. exf7 $11) (30... Rd8 $1 $17) 31. axb5 $11 {The position is equal.} Qc5 32. Bxd5 exd5 33. Qxc5 Rxc5 34. Rb1 {Precision: White = 67%, Black = 67%.} 1/2-1/2

[Event "52nd Iran-ch Men Final 2019"]
[Site "Bushehr"]
[Date "2019.01.27"]
[Round "4"]
[White "Tahbaz, Arash"]
[Black "Moradi, Amirmasoud"]
[Result "1-0"]
[WhiteElo "2468"]
[BlackElo "2321"]
[Annotator "TA"]
[PlyCount "113"]
[EventDate "2019.01.24"]
[EventType "tourn"]
[EventCountry "IRI"]
[SourceTitle "playchess.com"]
[Source "ChessBase"]
[SourceQuality "1"]

{[%evp 10,113,6,-3,-5,-1,0,-13,6,2,7,6,22,32,26,20,52,0,6,0,32,25,59,30,30,33,112,110,102,86,120,120,125,133,145,84,106,116,104,58,58,47,45,24,25,26,80,80,79,81,96,99,91,92,125,118,187,180,187,189,183,177,185,193,217,213,218,90,79,68,193,193,157,77,77,77,77,77,77,81,88,82,41,73,94,89,599,554,1423,1162,2030,1805,1933,467,7030,5485,6502,5421,29973,29974,29973,29975,29971,29973,29960,11268]} 1. Nf3 Nf6 2. d4 e6 3. e3 b6 4. Bd3 Bb7 5. Nbd2 d5 6. Qe2 c5 {Threatens to win with ...c4. D05: Colle System with ...e6} (6... Nbd7 7. e4 dxe4 8. Nxe4 Nxe4 9. Bxe4 Bxe4 10. Qxe4 h6 11. Bf4 Bd6 12. Bxd6 cxd6 13. O-O-O O-O 14. Kb1 {1-0 (79) Piceu,T (2356)-Stark,L (2398) Germany 2018}) 7. b3 Nc6 8. a3 Qc7 {The position is equal.} 9. Bb2 Bd6 10. O-O $146 ({Predecessor:} 10. Rc1 Rc8 11. O-O O-O 12. h3 Rfe8 13. c4 h6 14. Nh4 e5 15. dxc5 Bxc5 16. cxd5 Nxd5 {1-0 (16) Papp,J (2050)-Sugar,K Hungary 2007}) 10... e5 11. dxe5 Nxe5 12. Bb5+ Kf8 13. Rad1 (13. Ba6 $14 Bc6 14. Bb5 Bxb5 15. Qxb5) 13... a6 14. Bd3 Nxd3 15. cxd3 Re8 16. d4 (16. Bxf6 $5 gxf6 17. g3 $11) 16... Ng4 {[%cal Rg4h2]} 17. h3 Nh6 (17... h5 $14) 18. dxc5 $16 bxc5 19. b4 cxb4 20. axb4 Bxb4 21. Rc1 Qb6 22. Bd4 ({White should try} 22. Nb3) 22... Qb5 23. Qxb5 axb5 24. Bc5+ Bxc5 25. Rxc5 Nf5 26. Ra1 Nd6 27. Nd4 g6 (27... Rc8 $1 $11 {keeps the balance.} 28. Rxc8+ Bxc8) 28. Nxb5 Nxb5 29. Rxb5 Ba8 30. Nf3 $36 {[%mdl 2048] White is in control.} Kg7 31. Ra7 h6 32. Rc5 Rc8 (32... d4 $16 {was necessary.}) 33. Rxc8 $18 Rxc8 {[%mdl 4096] Endgame KRB-KRN} 34. Ne5 $1 Kf6 35. Nxf7 h5 36. h4 Rc1+ 37. Kh2 Bc6 38. Rc7 (38. Ng5 $18 {and White stays clearly on top.}) 38... Rc4 $16 39. Kg3 Rg4+ (39... d4 $1 $14 40. exd4 Rxd4) 40. Kh3 $1 $18 Be8 41. Nh6 (41. Nd6 $142 Ba4 42. Rb7) 41... Rc4 $16 42. Ng8+ Kf5 43. Re7 Re4 44. Rxe4 dxe4 {KB-KN} 45. Kg3 g5 46. Ne7+ Ke6 {[#]} 47. Nc8 $1 gxh4+ $2 {[%mdl 8192]} (47... Kf6 $16 {keeps some hope.}) 48. Kxh4 $18 Bb5 49. Kxh5 Kd7 {[#]} 50. Na7 $1 {[%cal Ra7b5]} Bd3 51. g4 (51. Kg5 $142 Ke6 52. Kf4) 51... Kc7 (51... Be2 $142 52. Kg5 Ke6) 52. g5 Kb7 53. g6 Kxa7 54. Kh6 {White mates.} Bc4 55. Kh7 Kb6 56. g7 Kc5 57. g8=Q {Accuracy: White = 64%, Black = 38%.} 1-0

[Event "52nd Iran-ch Men Final 2019"]
[Site "Bushehr"]
[Date "2019.01.27"]
[Round "4"]
[White "Gholami Orimi, Mahdi"]
[Black "Darini, Pouria"]
[Result "0-1"]
[WhiteElo "2377"]
[BlackElo "2475"]
[Annotator "TA"]
[PlyCount "48"]
[EventDate "2019.01.24"]
[EventType "tourn"]
[EventCountry "IRI"]
[SourceTitle "playchess.com"]
[Source "ChessBase"]
[SourceQuality "1"]

{[%evp 13,48,-20,-22,-106,-106,-108,-110,-100,-120,-129,-120,-137,-99,-115,-105,-101,-100,-287,-269,-312,-305,-335,-350,-480,-455,-574,-558,-602,-585,-615,-622,-584,-602,-682,-636,-677,-683]} 1. d4 Nf6 2. c4 e6 3. Nc3 Bb4 4. Qc2 O-O 5. e4 d6 6. e5 dxe5 {E32: Nimzo-Indian: Classical (4 Qc2): 4...0-0} 7. dxe5 Ng4 {LiveBook: 44 Games} (7... Nfd7 8. Nf3 Nc6 9. Ng5 g6 10. f4 Nc5 11. Be3 f6 12. exf6 Qxf6 13. O-O-O Bxc3 14. Qxc3 Qxc3+ 15. bxc3 {1-0 (25) Vallejo Pons,F (2695)-Predke,A (2622) St Petersburg 2018}) 8. Bf4 (8. Nf3 $11 {remains equal.}) 8... Qd4 $17 {Black is better.} 9. Bg3 Nxe5 ({Worse is} 9... Rd8 10. Nf3 $14) 10. Rd1 {[#]} Bxc3+ $1 11. bxc3 Qc5 12. Nf3 $146 ({Predecessor:} 12. Qe4 Nbc6 13. Be2 Qa5 14. Qe3 {0-1 (40) Bronstein,D-Grigorian,K Leningrad 1971}) 12... Nbd7 13. Ng5 {[%csl Gg5][%cal Rc2h7]} Nf6 14. h4 Qa5 ({And not} 14... Nxc4 15. Bxc4 h6 16. Bd3 $16) 15. f4 $2 (15. Be2 $17) 15... Neg4 $19 16. Bd3 {[%cal Rd3h7]} g6 17. h5 {[%cal Rh5g6]} Ne3 ({Less strong is} 17... Nxh5 {[#]} 18. Rxh5 $1 {[%mdl 512]} Ne3 19. Qd2 $11) 18. Qb1 Qxc3+ {Black is clearly winning.} 19. Ke2 Nxd1 20. hxg6 fxg6 21. Kxd1 Rd8 22. Ke2 {[#]} e5 $1 23. fxe5 Nh5 24. Bh2 {[#]} Bf5 $1 {Precision: White = 22%, Black = 89%.} 0-1

[Event "52nd Iran-ch Men Final 2019"]
[Site "Bushehr"]
[Date "2019.01.27"]
[Round "4"]
[White "Daghli, Arash"]
[Black "Idani, Pouya"]
[Result "1/2-1/2"]
[WhiteElo "2366"]
[BlackElo "2611"]
[Annotator "TA"]
[PlyCount "93"]
[EventDate "2019.01.24"]
[EventType "tourn"]
[EventCountry "IRI"]
[SourceTitle "playchess.com"]
[Source "ChessBase"]
[SourceQuality "1"]

{[%evp 25,93,0,0,0,19,0,0,-9,0,6,37,8,9,8,8,4,8,0,4,15,17,3,14,0,13,-35,-26,-84,-8,-15,10,0,10,10,10,2,89,89,89,89,102,102,138,51,72,66,64,74,75,67,75,0,0,0,0,0,0,0,0,0,0,0,0,0,0,0,0,0,0,0]} 1. e4 c5 2. c3 Nf6 3. e5 Nd5 4. d4 cxd4 5. cxd4 d6 6. Nf3 Nc6 7. Bc4 Nb6 8. Bb5 Bd7 9. Nc3 dxe5 {B22: Sicilian: 2 c3} (9... a6 10. Be2 Bf5 11. Nh4 Bd7 12. e6 Bxe6 13. d5 Nxd5 14. Nxd5 g5 15. Nf3 h6 16. O-O Bg7 17. Be3 {1-0 (52) Christiansen,J (2486)-Adly,A (2643) Reykjavik 2018}) 10. dxe5 g6 11. O-O Bg7 12. Qe2 O-O 13. h3 a6 $146 {LiveBook: 6 Games} ({Predecessor:} 13... Qc7 14. Bf4 a6 15. Bd3 Nb4 16. Be4 Be6 17. Rfd1 {½-½ (26) Patil,P (2208)-Venkatesh,M (2439) Chennai 2017}) 14. Bd3 Be6 15. Rd1 {[#] And now Bxg6! would win.} Qc7 16. Bf4 Rad8 17. Be4 Nb4 18. a3 (18. Bg3 {feels hotter.} Nc6 19. Rac1 Bh6 20. Rb1 Qc8 21. Bh4) 18... N4d5 19. Nxd5 Nxd5 20. Bg3 Bh6 21. Nd4 Qb6 22. Nxe6 fxe6 23. Qg4 Kg7 24. Bxd5 exd5 25. e6 Rf5 $1 26. Qe2 (26. Qd4+ $11 Qxd4 27. Rxd4) 26... Kg8 (26... Bf4 $17 27. Bxf4 Rxf4) 27. Rd3 $11 Bg7 28. Rc1 {Hoping for Bc7.} Qxb2 29. Qxb2 Bxb2 30. Rb1 $36 {[%mdl 2048] White has some pressure.} Bf6 {[#]} (30... Be5 $11) 31. Bc7 $1 $16 {[%cal Rc7d8]} Rc8 32. g4 {Threatens to win with Bh2.} Rxc7 33. gxf5 {[%mdl 4096] Endgame KRR-KRB} d4 34. Rb6 (34. fxg6 $16 hxg6 35. a4) 34... gxf5 35. Rdb3 Be5 36. Rxb7 Rc1+ 37. Kg2 Bd6 $1 38. Rd7 ({Better is} 38. Rf3 $16) 38... Kg7 $11 {The position is equal.} 39. Rb6 Kf6 40. Rbxd6 exd6 41. Rxd6 {KR-KR} Rd1 42. Rxa6 d3 43. Rd6 Ke7 44. Rd4 Kxe6 45. Kf3 Ke5 46. Rd8 h5 47. a4 {Precision: White = 48%, Black = 58%.} 1/2-1/2

[Event "52nd Iran-ch Men Final 2019"]
[Site "Bushehr"]
[Date "2019.01.28"]
[Round "5"]
[White "Idani, Pouya"]
[Black "Tahbaz, Arash"]
[Result "1-0"]
[WhiteElo "2611"]
[BlackElo "2468"]
[Annotator "TA"]
[PlyCount "123"]
[EventDate "2019.01.24"]
[EventType "tourn"]
[EventCountry "IRI"]
[SourceTitle "playchess.com"]
[Source "ChessBase"]
[SourceQuality "1"]

{[%evp 16,123,23,20,17,13,17,10,15,14,18,16,20,9,24,21,23,19,30,0,17,15,13,11,14,13,16,12,20,0,9,0,0,0,0,-2,-2,-9,-12,-6,6,0,17,0,0,0,0,4,157,154,160,156,156,156,156,156,156,152,154,153,148,156,175,68,68,68,67,66,66,66,69,68,68,68,59,69,214,214,213,210,198,189,298,295,418,418,513,513,506,506,506,70,70,0,498,498,506,498,498,498,491,484,468,436,436,414,407,0,385,0]} 1. e4 e5 2. Nf3 Nc6 3. d4 exd4 4. Nxd4 Bc5 5. Nxc6 Qf6 6. Qf3 Qxf3 7. gxf3 dxc6 8. Be3 {C45: Scotch Game} Bxe3 9. fxe3 {LiveBook: 22 Games} f6 $146 ({Predecessor:} 9... Be6 10. Nd2 g6 11. Bc4 O-O-O 12. Bxe6+ fxe6 13. Ke2 Nf6 14. e5 Nd7 15. f4 g5 16. fxg5 Nxe5 {1-0 (48) Li,C (2751)-Xu,X (2458) Graz 2016}) 10. Bc4 {The position is equal.} Ke7 11. Rg1 g6 $1 12. Nd2 Nh6 13. h4 Nf7 14. O-O-O Ne5 15. Be2 Be6 16. f4 Nf7 17. h5 Rhg8 18. hxg6 hxg6 19. Nf3 c5 20. Rg2 g5 21. Rdg1 {[%cal Rf4g5]} Rg7 22. a3 a5 23. e5 fxe5 24. Nxg5 Bd5 25. Rg4 Nh6 26. Rh4 Nf5 {[%mdl 64] Double Attack} 27. Rh3 exf4 28. exf4 {aiming for Bg4.} Nd4 29. Re3+ Kd7 30. Bg4+ Kd6 31. c3 $36 {[%mdl 2048] White is pushing.} Rf8 $2 ({Better is} 31... Nb3+ $11 32. Kc2 c4) 32. cxd4 $16 cxd4 33. Rh3 $1 {[%cal Rh3h6] And now Rh6+ would win.} Rxf4 34. Rh6+ Kc5 35. Be6 $1 c6 36. Rh5 Kc4 {Threatens to win with ...Bxe6.} 37. Bxd5+ cxd5 38. Rd1 {Hoping for Ne6.} Rf5 {[#]} 39. Ne6 ({White should try} 39. Rxd4+ $1 $18 {[%mdl 512]} Kxd4 40. Ne6+ {[%mdl 64] Double Attack, Discovered Attack} Kd3 41. Rh3+ Ke4 42. Nxg7 Rf1+ 43. Kc2) 39... Rxh5 $14 40. Nxg7 {[%mdl 4096] Endgame KRN-KR} Re5 41. Rf1 $1 d3 42. Nf5 d4 43. Nh4 d2+ 44. Kxd2 {Black must now prevent Rf7.} Kb3 $1 45. Nf3 Rc5 (45... Rd5 $14) 46. Ne1 $1 $18 ({Don't take} 46. Nxd4+ $6 Kxb2 47. a4 Rc4 $16) 46... Rh5 47. Nd3 Rh3 48. Rd1 b5 (48... b6 $142 49. Kc1 Kc4) 49. Kc1 $1 b4 (49... Rg3 {is a better defense.} 50. Nf4 Rg4) 50. axb4 axb4 51. Kb1 Kc4 52. Nf4 Re3 {[#] intending ...d3.} 53. Rc1+ $2 (53. Ka2 $1 $18 {Strongly threatening Rc1+.} Re5 54. Rc1+ Kb5 55. b3) 53... Kb3 $14 54. Rd1 $2 {[%mdl 8192]} (54. Rf1 $14) 54... Kc4 $18 {[#]} 55. Ka2 $1 Kc5 56. b3 Re4 57. Nd3+ Kb5 58. Rd2 Re3 59. Kb2 Re4 60. Rf2 Re3 61. Rd2 Re4 $1 62. Rf2 $2 {[%mdl 32768] Accuracy: White = 64%, Black = 59%. . Loss on time!?} (62. Rh2 $18) 1-0